Missing Word: '80s Movies About Teenagers Quiz Stats

 Plays Quiz Updated Jun 5, 2018

Score 0/20 Timer 03:00
5 Plays Today
Movie Missing Word % Correct
The ____ ClubBreakfast
96.5%
____ in PinkPretty
96.5%
A ____ on Elm StreetNightmare
94.9%
____ Buy Me LoveCan't
93.1%
Sixteen ____Candles
91.8%
Ferris ____ Day OffBueller's
91.2%
Just ____ of the GuysOne
91.1%
Some ____ of WonderfulKind
90.3%
All the ____ MovesRight
89.6%
____ BusinessRisky
89.3%
Movie Missing Word % Correct
Better Off ____Dead
88.6%
____ WolfTeen
88.4%
Fast Times at ____ HighRidgemont
85.6%
Weird ____Science
83.7%
____ DawnRed
67%
The ____ BoysLost
66.9%
Valley ____Girl
64.6%
Adventures in ____Babysitting
64.1%
____ O'Clock HighThree
58.9%
____ to DriveLicense
52.7%

Today's Daily Dose

Missing Word
Sherlocks

Word Ladder
King of the Hill

Quick Pick
Songs in Pink

Get the Picture
NBA Teammates

You're not logged in!

Compare scores with friends on all Sporcle quizzes.
OR
Log In

Sporcle TV

Today on Sporcle TV


Watch our educational content, quiz creation guides, and fun videos on Sporcle TV.

Show Comments

Extras

Top Quizzes Today


Score Distribution

Your Account Isn't Verified!

In order to create a playlist on Sporcle, you need to verify the email address you used during registration. Go to your Sporcle Settings to finish the process.

Report this User

Report this user for behavior that violates our Community Guidelines.

Details: